[Event "Aeroflot Open"]
[Site "Moscow RUS"]
[Date "2005.02.17"]
[EventDate "?"]
[Round "3"]
[Result "1/2-1/2"]
[White "Bu Xiangzhi"]
[Black "Evgeny Postny"]
[WhiteElo "2607"]
[BlackElo "2557"]
[Source "365Chess"]
[PlyCount "80"]

1. c4 c6 2. d4 d5 3. Nc3 Nf6 4. e3 a6 5. Nf3 b5 6. c5 Nbd7
7. Bd3 g6 8. O-O Bg7 9. b4 O-O 10. a4 Bb7 11. Bb2 Qc7 12. h3
Rfe8 13. Qc2 Nh5 14. Rfc1 e5 15. dxe5 Nxe5 16. Nxe5 Bxe5
17. Ne2 Ng7 18. Nd4 Ne6 19. Nf3 Bxb2 20. Qxb2 Rad8 21. axb5
axb5 22. Ra7 Ra8 23. Rca1 Rxa7 24. Rxa7 Ra8 25. Rxa8+ Bxa8
26. h4 h5 27. g3 Bb7 28. e4 Qd8 29. Qe5 Nc7 30. Nd4 Na6
31. exd5 Nxb4 32. d6 Nxd3 33. Qe7 Qf8 34. Qxb7 Qg7 35. Nf5
Qa1+ 36. Kh2 gxf5 37. d7 Qd4 38. Qb8+ Kh7 39. d8=Q Qxf2+
40. Kh1 Qf1+ 1/2-1/2

[Event "Aeroflot Open"]
[Site "Moscow RUS"]
[Date "2005.02.18"]
[EventDate "?"]
[Round "4"]
[Result "0-1"]
[White "Tomi Nyback"]
[Black "Bu Xiangzhi"]
[WhiteElo "2554"]
[BlackElo "2607"]
[Source "365Chess"]
[PlyCount "78"]

1. d4 d5 2. c4 c6 3. Nf3 Nf6 4. Nc3 dxc4 5. a4 Bf5 6. e3 e6
7. Bxc4 Bb4 8. Ne5 Nbd7 9. Nxd7 Qxd7 10. f3 O-O 11. O-O Rfd8
12. Qe2 Bg6 13. Rd1 c5 14. dxc5 Qc7 15. Bd2 Bxc5 16. Kh1 Rac8
17. Nb5 Qe7 18. Be1 a6 19. Nc3 h6 20. Bh4 Ba7 21. e4 Qb4
22. Ba2 Kh7 23. Be1 Qb6 24. Bh4 Rxd1+ 25. Rxd1 Nd7 26. Bg3 Qc5
27. Bd6 Qh5 28. g4 Qh4 29. f4 Re8 30. f5 exf5 31. Bg3 Qd8
32. gxf5 Bxf5 33. Bxf7 Re7 34. Bh5 Qb6 35. Qg2 Nf6 36. exf5
Nxh5 37. Bd6 Qxd6 38. Nd5 Nf4 39. Qc2 Qxd5+ 0-1

[Event "VI Ciudad de Dos Hermanas Internet"]
[Site "ICC INT"]
[Date "2005.03.26"]
[EventDate "2005.03.26"]
[Round "1.2"]
[Result "1-0"]
[White "Bu Xiangzhi"]
[Black "Mikhail Panarin"]
[WhiteElo "2607"]
[BlackElo "2475"]
[PlyCount "89"]

1. d4 d5 2. c4 c6 3. Nf3 Nf6 4. Nc3 a6 5. c5 g6 6. h3 Bg7
7. Bf4 O-O 8. e3 Nbd7 9. Be2 Ne4 10. Qc2 f5 11. O-O h6 12. Bh2
Qe8 13. b4 e5 14. Nxe5 Nxe5 15. dxe5 Bxe5 16. Bxe5 Qxe5
17. Rac1 Be6 18. Bd3 a5 19. a3 axb4 20. axb4 Ra3 21. Ne2 Rfa8
22. Qd1 R8a4 23. b5 Kg7 24. Nd4 Bd7 25. bxc6 bxc6 26. Bc2 Ra5
27. Bxe4 fxe4 28. Qd2 Qg5 29. Rb1 Ra7 30. Kh2 Qe5+ 31. Kh1 Ra2
32. Rb2 Ra1 33. Rbb1 R1a2 34. Qc3 Kh7 35. Ra1 Qh5 36. Rxa2
Rxa2 37. Qb3 Bxh3 38. Qb7+ Kh8 39. Qb8+ Kh7 40. Qc7+ Kh8
41. gxh3 Qxh3+ 42. Kg1 Qg4+ 43. Qg3 Qxg3+ 44. fxg3 Ra5 45. Rf6
1-0

[Event "VI Ciudad de Dos Hermanas Internet"]
[Site "ICC INT"]
[Date "2005.03.26"]
[EventDate "2005.03.26"]
[Round "1.3"]
[Result "0-1"]
[White "Mikhail Panarin"]
[Black "Bu Xiangzhi"]
[WhiteElo "2475"]
[BlackElo "2607"]
[PlyCount "70"]

1. e4 c5 2. Nf3 d6 3. d4 Nf6 4. Nc3 cxd4 5. Nxd4 a6 6. Be2 e5
7. Nb3 Be7 8. O-O O-O 9. Kh1 b5 10. a4 Bb7 11. f3 b4 12. Nd5
Nxd5 13. exd5 Nd7 14. c4 a5 15. Be3 Bg5 16. f4 exf4 17. Bxf4
Bxf4 18. Rxf4 Ne5 19. Nd4 Qg5 20. Qf1 Rfe8 21. Qf2 Rad8
22. Rf1 Rd7 23. Nb3 Qd8 24. h3 Ba6 25. Nd2 Rde7 26. Re4 Qc7
27. b3 Bc8 28. Qd4 f5 29. Re3 Nd7 30. Rg3 Qc5 31. Qb2 Ne5
32. Nf3 f4 33. Rg5 h6 34. Rh5 Nxf3 35. Bxf3 Re1 0-1

[Event "VI Ciudad de Dos Hermanas Internet"]
[Site "ICC INT"]
[Date "2005.03.26"]
[EventDate "2005.03.26"]
[Round "2.1"]
[Result "0-1"]
[White "Gadir Guseinov"]
[Black "Bu Xiangzhi"]
[WhiteElo "2574"]
[BlackElo "2607"]
[PlyCount "132"]

1. e4 c5 2. Nf3 d6 3. d4 cxd4 4. Nxd4 Nf6 5. Nc3 a6 6. Bg5 e6
7. f4 Qb6 8. Qd2 Qxb2 9. Nb3 Nc6 10. Bxf6 gxf6 11. Na4 Qa3
12. Nb6 Rb8 13. Nc4 Qa4 14. a3 b5 15. Nxd6+ Bxd6 16. Qxd6
Qxe4+ 17. Be2 Qd5 18. Qxd5 exd5 19. O-O-O Ne7 20. Bf3 Be6
21. Rhe1 Kf8 22. Nc5 Rb6 23. Bxd5 Nxd5 24. Rxd5 Bxd5 25. Nd7+
Kg7 26. Nxb6 Bc6 27. Rd1 Re8 28. g3 Re3 29. Rd6 Be4 30. Nd7
Rxa3 31. Nxf6 Bf5 32. g4 Be6 33. Nh5+ Kf8 34. f5 Ke7 35. Rb6
Bc4 36. Rb7+ Kd6 37. Nf6 Rh3 38. Rb6+ Kc5 39. Rxa6 Rxh2
40. Ra7 Kb4 41. Kb2 h6 42. Rd7 Kc5 43. Rc7+ Kd6 44. Ra7 Ke5
45. Ng8 Kf4 46. Ra6 Kg5 47. Rb6 Be2 48. Rc6 Bxg4 49. f6 Be2
50. Rc5+ Kg6 51. Rc6 h5 52. Ne7+ Kg5 53. Ng8 h4 54. Rc5+ Kg6
55. Kc3 Rg2 56. Re5 h3 57. Re3 h2 58. Rh3 Bg4 59. Rh6+ Kg5
60. Rh7 Rg3+ 61. Kb4 Rh3 62. Rxf7 h1=Q 63. Rg7+ Kf4 64. f7
Qe4+ 65. Ka5 Ra3+ 66. Kb6 Qd4+ 0-1

[Event "VI Ciudad de Dos Hermanas Internet"]
[Site "ICC INT"]
[Date "2005.03.26"]
[EventDate "2005.03.26"]
[Round "2.4"]
[Result "1-0"]
[White "Bu Xiangzhi"]
[Black "Gadir Guseinov"]
[WhiteElo "2607"]
[BlackElo "2574"]
[PlyCount "65"]

1. e4 c5 2. Nf3 d6 3. Bb5+ Nd7 4. d4 cxd4 5. Qxd4 e5 6. Qd3
Ngf6 7. c4 Be7 8. Nc3 O-O 9. Bxd7 Bxd7 10. Bg5 Nh5 11. Bxe7
Qxe7 12. Nd5 Qd8 13. O-O f5 14. exf5 Bxf5 15. Qe3 Be6 16. Ng5
Bxd5 17. cxd5 Nf4 18. Ne4 Qd7 19. g3 Nh5 20. Rac1 h6 21. Rc3
Nf6 22. Nxf6+ Rxf6 23. Rfc1 Raf8 24. R1c2 Qh3 25. Qe4 Qh5
26. Kg2 Qf7 27. f3 Qe8 28. a4 a5 29. b3 Qd8 30. Qg4 Qb6
31. Rc7 R6f7 32. Rxf7 Rxf7 33. Qe6 1-0

[Event "VI Ciudad de Dos Hermanas Internet"]
[Site "ICC INT"]
[Date "2005.03.27"]
[EventDate "2005.03.26"]
[Round "4.1"]
[Result "1-0"]
[White "Bu Xiangzhi"]
[Black "Sergey Volkov"]
[WhiteElo "2607"]
[BlackElo "2612"]
[PlyCount "105"]

1. d4 d5 2. c4 c6 3. Nf3 Nf6 4. Nc3 a6 5. c5 Nbd7 6. Bf4 Nh5
7. Be3 g6 8. g3 Bg7 9. Bg2 O-O 10. O-O Re8 11. Qd2 Nhf6
12. Bf4 Nh5 13. Bh6 Qc7 14. Bxg7 Nxg7 15. Rfe1 e5 16. dxe5
Nxc5 17. e4 Nxe4 18. Nxe4 dxe4 19. Rxe4 Bf5 20. Rh4 h5 21. h3
Qe7 22. Rd4 Rad8 23. Re1 Ne6 24. Rxd8 Rxd8 25. Qh6 Qf8 26. Qe3
Qc5 27. Qb3 Qb5 28. Qa3 c5 29. b3 Qb4 30. Qxb4 cxb4 31. Nh4 b6
32. Nxf5 gxf5 33. Bf1 a5 34. Kg2 h4 35. Bc4 hxg3 36. Kxg3 Rd2
37. Re2 Rxe2 38. Bxe2 Kg7 39. Bc4 Nd4 40. Kf4 Kg6 41. h4 b5
42. h5+ Kg7 43. Bd5 a4 44. Kg5 a3 45. h6+ Kg8 46. Kf6 Kh7
47. Bxf7 Kxh6 48. e6 Nxb3 49. e7 Nc5 50. e8=Q Ne4+ 51. Ke5 b3
52. Qh8+ Kg5 53. Qh5+ 1-0

[Event "VI Ciudad de Dos Hermanas Internet"]
[Site "ICC INT"]
[Date "2005.03.27"]
[EventDate "2005.03.26"]
[Round "4.2"]
[Result "0-1"]
[White "Sergey Volkov"]
[Black "Bu Xiangzhi"]
[WhiteElo "2612"]
[BlackElo "2607"]
[PlyCount "54"]

1. d4 d5 2. c4 c6 3. Nf3 Nf6 4. e3 a6 5. Nbd2 Bf5 6. Qb3 Qc7
7. a4 e6 8. Nh4 Bg6 9. Nxg6 hxg6 10. h3 Nbd7 11. a5 c5 12. Be2
g5 13. g3 Bd6 14. Kf1 g4 15. h4 g5 16. h5 Nxh5 17. Kg2 Ndf6
18. dxc5 Bxc5 19. cxd5 O-O-O 20. Nc4 exd5 21. Nb6+ Kb8 22. Bd2
d4 23. Rac1 Qc6+ 24. Kg1 Nxg3 25. Rxh8 Rxh8 26. fxg3 Qh1+
27. Kf2 Rh2+ 0-1

[Event "VI Ciudad de Dos Hermanas Internet"]
[Site "ICC INT"]
[Date "2005.03.27"]
[EventDate "2005.03.26"]
[Round "4.3"]
[Result "1-0"]
[White "Bu Xiangzhi"]
[Black "Sergey Volkov"]
[WhiteElo "2607"]
[BlackElo "2612"]
[PlyCount "69"]

1. d4 d5 2. c4 c6 3. cxd5 cxd5 4. Nc3 Nf6 5. Bf4 Nc6 6. e3 a6
7. Bd3 Bg4 8. Nge2 e6 9. O-O Be7 10. Rc1 O-O 11. a3 Rc8
12. Na4 Nd7 13. b4 e5 14. dxe5 Ndxe5 15. Nac3 Re8 16. Nxd5 Bf8
17. Be4 Ng6 18. Bxg6 hxg6 19. f3 Be6 20. Nc7 Re7 21. Qxd8 Rxd8
22. Nxe6 Rxe6 23. Kf2 a5 24. bxa5 Bxa3 25. Rc3 Bb4 26. Rb3
Bxa5 27. Rxb7 Nb4 28. Ra1 Rd5 29. e4 Nd3+ 30. Kf1 Rh5 31. g4
Rc5 32. Be3 Rce5 33. Bd4 Rg5 34. h4 Rb5 35. Rxb5 1-0

[Event "VI Ciudad de Dos Hermanas Internet"]
[Site "ICC INT"]
[Date "2005.03.27"]
[EventDate "2005.03.26"]
[Round "5.1"]
[Result "1/2-1/2"]
[White "Daniel Grigoryevich Fridman"]
[Black "Bu Xiangzhi"]
[WhiteElo "2569"]
[BlackElo "2607"]
[PlyCount "60"]

1. d4 d5 2. Nf3 Nf6 3. c4 c6 4. e3 a6 5. Nc3 b5 6. b3 Bf5
7. Ne5 e6 8. g4 Bg6 9. h4 Ne4 10. Nxe4 Bxe4 11. f3 f6 12. Nd3
Bg6 13. h5 Bf7 14. c5 Nd7 15. a4 Be7 16. Bd2 O-O 17. h6 g6
18. f4 e5 19. f5 g5 20. Kf2 e4 21. Nb4 Qc7 22. axb5 axb5
23. Be2 Rxa1 24. Qxa1 Qb7 25. Qa6 Qxa6 26. Nxa6 Ra8 27. Nb4
Nb8 28. Bc3 Be8 29. Bb2 Bf8 30. Ke1 Na6 1/2-1/2

[Event "VI Ciudad de Dos Hermanas Internet"]
[Site "ICC INT"]
[Date "2005.03.27"]
[EventDate "2005.03.26"]
[Round "5.2"]
[Result "1-0"]
[White "Bu Xiangzhi"]
[Black "Daniel Grigoryevich Fridman"]
[WhiteElo "2607"]
[BlackElo "2569"]
[PlyCount "95"]

1. d4 d5 2. c4 c6 3. Nc3 Nf6 4. cxd5 cxd5 5. Bf4 Nc6 6. e3 Bf5
7. Rc1 a6 8. Nf3 e6 9. Qb3 Bb4 10. Be2 O-O 11. O-O Qe7 12. a3
Bxc3 13. Rxc3 Rfc8 14. Bg5 Na5 15. Qb4 Qxb4 16. axb4 Nc6
17. Bxf6 gxf6 18. Rfc1 Bg4 19. h3 Bxf3 20. Bxf3 Kf8 21. Be2
Ke7 22. Kh2 Kd6 23. f4 Rc7 24. b5 axb5 25. Bxb5 Rac8 26. g4 e5
27. dxe5+ fxe5 28. Kg3 f6 29. Bd3 Ra8 30. Rd1 Re7 31. Bc4 d4
32. Bb5 Kd5 33. Bxc6+ bxc6 34. exd4 exd4 35. b4 Re4 36. Kf3
Rae8 37. Rc5+ Kd6 38. Rdc1 Re3+ 39. Kg2 Re2+ 40. Kg3 R8e3+
41. Kh4 Rh2 42. Rxc6+ Kd5 43. Rxf6 Rhxh3+ 44. Kg5 d3 45. Kf5
Re7 46. g5 Kd4 47. Rd6+ Ke3 48. Re1+ 1-0

[Event "VI Ciudad de Dos Hermanas Internet"]
[Site "ICC INT"]
[Date "2005.03.27"]
[EventDate "2005.03.26"]
[Round "5.3"]
[Result "1-0"]
[White "Daniel Grigoryevich Fridman"]
[Black "Bu Xiangzhi"]
[WhiteElo "2569"]
[BlackElo "2607"]
[PlyCount "129"]

1. c4 e5 2. Nc3 c5 3. g3 Nc6 4. Bg2 g6 5. Nf3 Bg7 6. O-O Nge7
7. Ne1 O-O 8. Nc2 d6 9. Ne3 Rb8 10. d3 a6 11. a4 Nb4 12. Ned5
Nbxd5 13. Nxd5 Be6 14. Nxe7+ Qxe7 15. Bd2 Rfd8 16. Rb1 d5
17. cxd5 Bxd5 18. Bxd5 Rxd5 19. Qc2 b5 20. axb5 axb5 21. Rfc1
c4 22. dxc4 bxc4 23. Be3 Qe6 24. Qa4 Rdb5 25. Qxc4 Qxc4
26. Rxc4 Rb3 27. Rbc1 f5 28. Rc8+ Rxc8 29. Rxc8+ Kf7 30. Rc7+
Kg8 31. Rc2 e4 32. Bc1 Kf7 33. Kf1 Ke6 34. h4 Be5 35. Ke1 Kd5
36. Kd1 Bd4 37. e3 Be5 38. Rd2+ Ke6 39. Kc2 Rb8 40. Kb1 h6
41. Rc2 Kd5 42. Bd2 g5 43. hxg5 hxg5 44. Bc3 Bd6 45. Rd2+ Ke6
46. Kc2 Rc8 47. Rd4 Rc6 48. g4 fxg4 49. Rxe4+ Kf5 50. Re8 g3
51. fxg3 Bxg3 52. Kd3 Kg4 53. e4 Rc7 54. e5 Kf5 55. Rf8+ Ke6
56. Rf6+ Kd7 57. Rg6 Bf4 58. Ke4 Ke8 59. e6 Rc6 60. Kf5 Rb6
61. Kf6 Bd6 62. Rg8+ Bf8 63. Bd4 Rb4 64. Rxf8+ Kxf8 65. Bc5+
1-0

[Event "VI Ciudad de Dos Hermanas Internet"]
[Site "ICC INT"]
[Date "2005.03.27"]
[EventDate "2005.03.26"]
[Round "5.4"]
[Result "0-1"]
[White "Bu Xiangzhi"]
[Black "Daniel Grigoryevich Fridman"]
[WhiteElo "2607"]
[BlackElo "2569"]
[PlyCount "104"]

1. d4 d5 2. c4 c6 3. Nf3 Nf6 4. Nc3 e6 5. Bg5 Nbd7 6. e3 Qa5
7. Nd2 dxc4 8. Bxf6 Nxf6 9. Nxc4 Qc7 10. Be2 Nd5 11. O-O Nxc3
12. bxc3 Be7 13. Bd3 O-O 14. Rb1 Rb8 15. Qh5 g6 16. Qh6 Bf6
17. Rfd1 e5 18. dxe5 Bxe5 19. Nxe5 Qxe5 20. Rb4 Qxc3 21. Rh4
Qg7 22. Qg5 Be6 23. Bc4 h6 24. Qa5 Bxc4 25. Rxc4 Qb2 26. Rcd4
Qb6 27. Qd2 Qc5 28. Rd7 Rfe8 29. Qb2 Qe5 30. Qb3 Re7 31. R7d6
Kg7 32. Qa4 a6 33. Qg4 h5 34. Qc4 Rbe8 35. g3 Re6 36. Rd7 R8e7
37. Rd8 b5 38. Qc2 h4 39. R1d4 h3 40. Rh4 Re8 41. Rd7 Rh8
42. Rhd4 c5 43. Rf4 Rf6 44. Rxf6 Qxf6 45. Qd1 c4 46. Rd6 Qe5
47. Rd4 Rc8 48. Qg4 Qf5 49. Qd1 c3 50. Rf4 c2 51. Qa1+ Kg8
52. Qf1 c1=Q 0-1

[Event "VI Ciudad de Dos Hermanas Internet"]
[Site "ICC INT"]
[Date "2005.03.27"]
[EventDate "2005.03.26"]
[Round "5.6"]
[Result "1/2-1/2"]
[White "Bu Xiangzhi"]
[Black "Daniel Grigoryevich Fridman"]
[WhiteElo "2607"]
[BlackElo "2569"]
[PlyCount "103"]

1. d4 d5 2. c4 c6 3. Nc3 Nf6 4. cxd5 cxd5 5. Bf4 Nc6 6. e3 Bf5
7. Rc1 a6 8. Nf3 Rc8 9. Qb3 Na5 10. Qd1 Nc6 11. Be2 e6 12. O-O
Bd6 13. Qb3 Bxf4 14. exf4 Qe7 15. Na4 O-O 16. Nc5 Nxd4
17. Nxd4 Rxc5 18. Nxf5 exf5 19. Rxc5 Qxc5 20. Qxb7 a5 21. Bf3
g6 22. Rd1 Ne4 23. Bxe4 dxe4 24. Qb3 Rc8 25. h3 Qc7 26. Qe3
Qc2 27. Qd2 Qxd2 28. Rxd2 Rc1+ 29. Kh2 a4 30. Kg3 Ra1 31. a3
Rb1 32. f3 e3 33. Re2 h5 34. Rxe3 Rxb2 35. Re8+ Kg7 36. Ra8
Ra2 37. Rxa4 h4+ 38. Kh2 Ra1 39. Ra8 Kf6 40. a4 Kg7 41. a5 Kh7
42. a6 Kg7 43. g4 hxg3+ 44. Kxg3 Ra2 45. h4 Kf6 46. Kh3 Rf2
47. h5 gxh5 48. Rh8 Rxf3+ 49. Kg2 Ra3 50. Rh6+ Kg7 51. Rxh5
Rxa6 52. Rxf5 1/2-1/2

[Event "Torch Real Estate Cup China Chess League"]
[Site "Jinan CHN"]
[Date "2005.04.20"]
[EventDate "2005.04.20"]
[Round "1"]
[Result "1-0"]
[White "Bu Xiangzhi"]
[Black "Wang Yaoyao"]
[WhiteElo "2630"]
[BlackElo "2456"]
[PlyCount "165"]

1. c4 Nf6 2. Nc3 g6 3. g3 d5 4. cxd5 Nxd5 5. Bg2 Nb6 6. d3 Bg7
7. Be3 c6 8. Qd2 h6 9. Nf3 N8d7 10. O-O a5 11. Rac1 Nf6 12. h3
Nfd5 13. Bd4 O-O 14. Bxg7 Kxg7 15. e4 Nxc3 16. Qxc3+ f6 17. d4
Be6 18. a3 Bf7 19. Rfe1 Qd6 20. h4 Qe6 21. h5 Na4 22. Qc2 Nb6
23. Nh4 Rad8 24. d5 Qe5 25. hxg6 Bxg6 26. Nf5+ Kh7 27. dxc6
bxc6 28. Qxc6 Nd7 29. b4 axb4 30. axb4 e6 31. Ne7 Bf7 32. Qc7
Qxc7 33. Rxc7 Ne5 34. f4 Nd3 35. Rb1 h5 36. Nc6 Rc8 37. Rxc8
Rxc8 38. e5 Bg6 39. Rd1 fxe5 40. fxe5 Rc7 41. b5 Rb7 42. Bf1
Nc5 43. Rd6 Be4 44. Bc4 Rg7 45. Kh2 Rb7 46. Nd8 Rc7 47. b6 Rc8
48. Kh3 Kg6 49. Nxe6 Kf5 50. Kh4 Kxe5 51. Nxc5 Kxd6 52. Nxe4+
Ke5 53. Ba6 Rb8 54. Nc5 Kd6 55. Na4 Rg8 56. Be2 Ra8 57. Bb5
Rg8 58. Nc3 Kc5 59. b7 Rb8 60. Ba6 Kb6 61. Be2 Rxb7 62. Bxh5
Kc5 63. Ne4+ Kd4 64. Nd6 Rd7 65. Nf7 Kd5 66. Kg5 Ra7 67. Kf6
Ra6+ 68. Kg7 Ke6 69. g4 Ke7 70. Nh6 Ra5 71. Nf7 Rb5 72. Bg6
Rb6 73. Bf5 Rb5 74. Nh6 Rb2 75. g5 Rg2 76. Ng4 Rg3 77. g6 Rf3
78. Nh6 Rg3 79. Bg4 Ra3 80. Be2 Ra7 81. Bc4 Rc7 82. Bd5 Rc5
83. Nf5+ 1-0

[Event "Torch Real Estate Cup China Chess League"]
[Site "Jinan CHN"]
[Date "2005.04.21"]
[EventDate "2005.04.20"]
[Round "2"]
[Result "1-0"]
[White "Chong Liang"]
[Black "Bu Xiangzhi"]
[WhiteElo "2524"]
[BlackElo "2630"]
[PlyCount "123"]

1. d4 d5 2. c4 e6 3. Nc3 c6 4. e4 Bb4 5. cxd5 exd5 6. e5 Ne7
7. a3 Bxc3+ 8. bxc3 c5 9. Bd3 Nbc6 10. Ne2 Bf5 11. O-O O-O
12. Ng3 Bxd3 13. Qxd3 c4 14. Qc2 Qd7 15. f4 f5 16. a4 g6
17. Ba3 Rae8 18. Rf2 Na5 19. Nf1 Nb3 20. Ra2 Rf7 21. Ne3 Nc8
22. h3 Qe6 23. Qd1 Nb6 24. Qf3 Rd7 25. a5 Nxa5 26. g4 Nc6
27. gxf5 gxf5 28. Rg2+ Kh8 29. Bc5 Nc8 30. Qh5 Rf7 31. Qf3 Rd8
32. Rg5 b6 33. Ba3 a5 34. Rag2 N8e7 35. Rb2 Nc8 36. Kh2 N6e7
37. Qh5 Ng6 38. Nxf5 Nxf4 39. Qh4 Rxf5 40. Rxf5 Qxf5 41. Qxd8+
Kg7 42. Qh4 Ng6 43. Qg3 Qf4 44. Rf2 Qxg3+ 45. Kxg3 b5 46. Rb2
b4 47. cxb4 axb4 48. Rxb4 Kf7 49. Rb7+ Ke6 50. Rxh7 Nce7
51. Bxe7 Nxe7 52. Kf4 Nf5 53. h4 Nxd4 54. Rh6+ Ke7 55. h5 Ne6+
56. Ke3 d4+ 57. Ke4 c3 58. Rh7+ Kf8 59. Rh8+ Kg7 60. Rc8 Kh6
61. Rc6 c2 62. Rxe6+ 1-0

[Event "Torch Real Estate Cup China Chess League"]
[Site "Jinan CHN"]
[Date "2005.04.23"]
[EventDate "2005.04.20"]
[Round "4"]
[Result "0-1"]
[White "Chenpeng Wei"]
[Black "Bu Xiangzhi"]
[WhiteElo "2406"]
[BlackElo "2630"]
[PlyCount "74"]

1. e4 c5 2. Nf3 d6 3. d4 Nf6 4. Nc3 cxd4 5. Nxd4 a6 6. Be3 e5
7. Nb3 Be7 8. f3 Be6 9. Qd2 Nbd7 10. g4 b5 11. g5 b4 12. Ne2
Nh5 13. O-O-O a5 14. Kb1 O-O 15. Ng3 a4 16. Nc1 Nf4 17. h4 Qc7
18. Nf5 Bxf5 19. exf5 Rfc8 20. Bb5 Nb6 21. f6 Bf8 22. Bxf4
exf4 23. Rh2 d5 24. Re1 Nc4 25. Bxc4 dxc4 26. Qd5 c3 27. b3
axb3 28. Qxb3 Qd6 29. fxg7 Ra3 30. gxf8=Q+ Kxf8 31. Qxa3 bxa3
32. Nb3 Re8 33. Rxe8+ Kxe8 34. Kc1 Qb6 35. Re2+ Kf8 36. Kd1
Qg1+ 37. Re1 Qf2 0-1

[Event "Torch Real Estate Cup China Chess League"]
[Site "Jinan CHN"]
[Date "2005.04.24"]
[EventDate "2005.04.20"]
[Round "5"]
[Result "1-0"]
[White "Bu Xiangzhi"]
[Black "Wu Kaiyu"]
[WhiteElo "2630"]
[BlackElo "2294"]
[PlyCount "83"]

1. c4 e6 2. d4 d5 3. Nf3 Nf6 4. Nc3 Be7 5. Bg5 O-O 6. e3 h6
7. Bh4 a6 8. cxd5 Nxd5 9. Bxe7 Nxe7 10. Bd3 Nd7 11. Bc2 b5
12. O-O Bb7 13. b4 a5 14. Rb1 axb4 15. Rxb4 Nd5 16. Nxd5 Bxd5
17. Qd3 Nf6 18. Nd2 g6 19. Rxb5 Rxa2 20. e4 Ba8 21. Bb3 Ra3
22. Re1 Nd7 23. Nc4 Ra7 24. Bc2 Bb7 25. Qe3 Qa8 26. Qxh6 Bxe4
27. Rxe4 Ra1+ 28. Rb1 Qa2 29. Qc1 Ra8 30. Re1 Qxc4 31. Rxa1
Rxa1 32. Qxa1 Qxc2 33. Rc1 Qe4 34. Rxc7 Nf6 35. h3 Nd5
36. Rc8+ Kg7 37. f3 Qe3+ 38. Kh1 Qd3 39. Ra8 Qe2 40. Qa3 Ne3
41. Qf8+ Kf6 42. Qh8+ 1-0

[Event "Torch Real Estate Cup China Chess League"]
[Site "Xiapu CHN"]
[Date "2005.06.23"]
[EventDate "2005.06.21"]
[Round "16"]
[Result "1-0"]
[White "Bu Xiangzhi"]
[Black "Lin Chen"]
[WhiteElo "2630"]
[BlackElo "2332"]
[PlyCount "87"]

1. c4 Nf6 2. Nc3 g6 3. g3 Bg7 4. Bg2 O-O 5. e4 d6 6. Nge2 c5
7. O-O Nc6 8. d3 a6 9. h3 Rb8 10. a4 e5 11. Kh2 Be6 12. Bd2
Qd7 13. Rb1 Ne8 14. f4 f5 15. Nd5 Nf6 16. Nec3 Nd4 17. exf5
gxf5 18. b4 b6 19. Nxf6+ Bxf6 20. Qh5 Kh8 21. fxe5 Bxe5
22. Bf4 Rg8 23. Qh4 Qg7 24. Rf2 a5 25. bxa5 bxa5 26. Nb5 Bd7
27. Rbf1 Qg6 28. Bd5 Rg7 29. Rg2 Bc6 30. Bh6 Rgg8 31. Bxc6
Nxc6 32. Bf4 Rbe8 33. Rff2 Bd4 34. Nxd4 cxd4 35. Bd2 Rgf8
36. Qf4 Qf6 37. Kh1 Rb8 38. g4 Rb1+ 39. Kh2 Ne5 40. Qg3 Qg6
41. gxf5 Qf6 42. Bg5 Qf7 43. c5 Rg8 44. Bf6+ 1-0

[Event "Torch Real Estate Cup China Chess League"]
[Site "Xiapu CHN"]
[Date "2005.06.26"]
[EventDate "2005.06.21"]
[Round "19"]
[Result "0-1"]
[White "Fan Chen"]
[Black "Bu Xiangzhi"]
[WhiteElo "2354"]
[BlackElo "2630"]
[PlyCount "48"]

1. e4 c5 2. Nf3 d6 3. d4 cxd4 4. Nxd4 Nf6 5. Nc3 g6 6. Be3 Bg7
7. f3 Nc6 8. Qd2 O-O 9. O-O-O Bd7 10. Bc4 Rb8 11. Nb3 Na5
12. Be2 b5 13. Bxa7 Ra8 14. Bd4 Nc4 15. Qe1 Qc7 16. Kb1 e5
17. Bf2 Nxb2 18. Kxb2 b4 19. Rd3 d5 20. exd5 e4 21. d6 Qc6
22. Nd4 Qc4 23. Na4 exd3 24. Bxd3 Qd5 0-1

[Event "2nd Sanjin Hotel Cup"]
[Site "Tiayuan CHN"]
[Date "2005.07.11"]
[EventDate "2005.07.09"]
[Round "3"]
[Result "0-1"]
[White "Sergey Karjakin"]
[Black "Bu Xiangzhi"]
[WhiteElo "2645"]
[BlackElo "2632"]
[PlyCount "108"]

1. e4 c5 2. Nf3 d6 3. d4 cxd4 4. Nxd4 Nf6 5. Nc3 a6 6. Be3 e5
7. Nb3 Be7 8. f3 Be6 9. Qd2 Nbd7 10. g4 b5 11. a4 bxa4
12. Rxa4 Nb6 13. Rxa6 Rxa6 14. Bxa6 O-O 15. O-O Qc7 16. Qf2
Nc4 17. Bxc4 Qxc4 18. Ra1 Rb8 19. Ra7 Bf8 20. Qf1 Qc8 21. g5
Bc4 22. Qf2 Nd7 23. h4 Be6 24. Qe2 f5 25. Bf2 Nb6 26. Nd2 fxe4
27. fxe4 Nd7 28. Nb3 Nb6 29. Na5 Nc4 30. Nxc4 Bxc4 31. Qf3
Rxb2 32. Nd5 Bxd5 33. exd5 Rxc2 34. Qf7+ Kh8 35. Qe6 Rc7
36. Rxc7 Qxc7 37. Kg2 g6 38. Kf3 Kg7 39. Qf6+ Kg8 40. Qe6+
Qf7+ 41. Ke4 Kg7 42. Bg3 Qf1 43. Ke3 Qf5 44. Ke2 h6 45. gxh6+
Kxh6 46. Qg8 Kh5 47. Bf2 Kg4 48. Qh7 Qc2+ 49. Kf1 Kf3 50. Qf7+
Qf5 51. Qa7 Qd3+ 52. Kg1 Bh6 53. Qa1 Qe2 54. Qa7 Qd1+ 0-1

[Event "2nd Sanjin Hotel Cup"]
[Site "Tiayuan CHN"]
[Date "2005.07.13"]
[EventDate "2005.07.09"]
[Round "5"]
[Result "0-1"]
[White "Zhao Xue"]
[Black "Bu Xiangzhi"]
[WhiteElo "2470"]
[BlackElo "2632"]
[PlyCount "66"]

1. d4 d5 2. c4 e5 3. e3 exd4 4. exd4 Nf6 5. Nc3 Be7 6. Nf3 O-O
7. Bd3 Nc6 8. h3 Nb4 9. Be2 dxc4 10. Bxc4 Nbd5 11. O-O h6
12. Re1 Be6 13. Bb3 c6 14. Ne5 Re8 15. a3 Qa5 16. Be3 Bf8
17. Nxd5 Bxd5 18. Rc1 Rad8 19. Bxd5 Rxd5 20. Qf3 Qb5 21. b4
Re6 22. Nc4 Rd7 23. Qd1 Qf5 24. Qb3 Bd6 25. d5 Nxd5 26. Nxd6
Rdxd6 27. Bxa7 Rg6 28. Bb8 Rxg2+ 29. Kxg2 Nf4+ 30. Kh2 Rd3
31. Re3 Rxb3 32. Rxb3 Qd5 33. Rg3 Ne2 0-1

[Event "2nd Sanjin Hotel Cup"]
[Site "Tiayuan CHN"]
[Date "2005.07.19"]
[EventDate "2005.07.09"]
[Round "10"]
[Result "0-1"]
[White "Bu Xiangzhi"]
[Black "Tigran Levonovich Petrosian"]
[WhiteElo "2632"]
[BlackElo "2581"]
[PlyCount "86"]

1. Nf3 Nf6 2. c4 g6 3. Nc3 Bg7 4. e4 d6 5. d4 O-O 6. Be2 Nc6
7. O-O e5 8. Be3 Ng4 9. Bg5 f6 10. Bc1 f5 11. exf5 exd4
12. Nb5 Rxf5 13. h3 Nge5 14. Nfxd4 Rf7 15. Be3 a6 16. Nxc6
bxc6 17. Nd4 c5 18. Nc2 Bb7 19. f4 Nd7 20. Rb1 Nf6 21. Bf3 Ne4
22. Qd3 Qe8 23. b4 Bc6 24. Rbd1 Re7 25. Rfe1 Nc3 26. Bxc6 Qxc6
27. Bd2 Rxe1+ 28. Rxe1 Nxa2 29. bxc5 Qxc5+ 30. Be3 Qf5 31. Qb3
Nc3 32. Bd4 Bxd4+ 33. Nxd4 Qd3 34. c5+ d5 35. Qb7 Qxd4+
36. Kh1 Rf8 37. Qxc7 Qxf4 38. Qb7 Qd2 39. Qe7 Ne4 40. Qe6+ Kg7
41. Rb1 Kh6 42. Qe7 Ng3+ 43. Kg1 Qf2+ 0-1

[Event "VII Dos Hermanas Internet"]
[Site "ICC INT"]
[Date "2006.03.24"]
[EventDate "2006.03.24"]
[Round "1.1"]
[Result "0-1"]
[White "Axel Bachmann Schiavo"]
[Black "Bu Xiangzhi"]
[WhiteElo "2414"]
[BlackElo "2645"]
[PlyCount "74"]

1. e4 c5 2. Nf3 d6 3. d4 cxd4 4. Qxd4 a6 5. Bg5 Nc6 6. Qd2 Nf6
7. Nc3 Bg4 8. Bc4 e6 9. Bb3 Be7 10. O-O-O Qa5 11. h3 Bh5
12. g4 Bg6 13. Rhe1 Rd8 14. Kb1 h6 15. Bf4 Ne5 16. Qe3 O-O
17. g5 hxg5 18. Nxg5 Nh5 19. Rg1 Rc8 20. Bh2 Nc4 21. Bxc4 Rxc4
22. Nxe6 Rfc8 23. Nd4 Rxc3 24. bxc3 Rxc3 25. Nb3 Rxe3 26. Nxa5
Rxe4 27. Bxd6 Bf6 28. Nb3 Rc4 29. Rd2 b6 30. Ba3 Bc3 31. Re2
Nf4 32. Re8+ Kh7 33. Rc1 a5 34. Bb2 a4 35. Na1 Rb4 36. Nb3
axb3 37. Bxc3 bxc2+ 0-1

[Event "VII Dos Hermanas Internet"]
[Site "ICC INT"]
[Date "2006.03.24"]
[EventDate "2006.03.24"]
[Round "1.2"]
[Result "1-0"]
[White "Bu Xiangzhi"]
[Black "Axel Bachmann Schiavo"]
[WhiteElo "2645"]
[BlackElo "2414"]
[PlyCount "119"]

1. c4 e5 2. Nc3 c5 3. g3 Nc6 4. Bg2 d6 5. Nf3 g6 6. O-O Bg7
7. a3 Nge7 8. Rb1 O-O 9. b4 Rb8 10. Ne1 Be6 11. d3 cxb4
12. axb4 d5 13. b5 Na5 14. cxd5 Nxd5 15. Bd2 b6 16. Nc2 Nxc3
17. Bxc3 Rc8 18. Bb4 Bb3 19. Rb2 Qc7 20. Bxf8 Bxc2 21. Bd6 Qc3
22. Rxc2 Qxc2 23. Qxc2 Rxc2 24. Bb8 Bf8 25. Bxa7 Bc5 26. e3
Rb2 27. Bc6 Rd2 28. Ra1 Nb3 29. Ra6 Nc1 30. Bxb6 Nxd3 31. Bxc5
Nxc5 32. Ra8+ Kg7 33. b6 Rb2 34. b7 Nxb7 35. Rb8 Rb6 36. Bf3
Rf6 37. Bxb7 Rb6 38. e4 Rb2 39. Kg2 h5 40. Kh3 Kf6 41. f4 exf4
42. gxf4 Ke7 43. e5 Rb3+ 44. Kg2 Rb2+ 45. Kg3 Rb3+ 46. Kh4 Rb2
47. h3 Rb3 48. Kg5 Rb4 49. h4 Rb3 50. e6 Rb5+ 51. Kh6 fxe6
52. Rg8 Kf6 53. Be4 Rb4 54. Bxg6 Rxf4 55. Rf8+ Ke5 56. Rxf4
Kxf4 57. Bxh5 e5 58. Kg6 e4 59. Bd1 e3 60. h5 1-0